000 00604nam a2200205Ia 4500
003 OSt
005 20200814143901.0
008 190216s9999||||xx |||||||||||||| ||und||
020 _a9788122412581
020 _a8122412580
040 _coclc
082 _a547.05
_bMEH/O
100 _aMehrotra, R C
_94089
245 0 _aOrganometallic Chemistry : A Unified Approach /
_cR C Mehrotra ; A Singh
250 _a2nd Ed.
260 _bNew Age International Publishers,
_c2011.
_aNew Delhi:
300 _a618p
650 _aChemistry
942 _cBK
_2ddc
_h547.05
_iMEH/O
_k547.05
_mMEH/O
999 _c3598
_d3598